| 000 | 00617nam a22001577a 4500 | ||
|---|---|---|---|
| 003 | macl | ||
| 005 | 20171003124136.0 | ||
| 008 | 171003b xxu||||| |||| 00| 0 eng d | ||
| 040 | _cmacl | ||
| 082 | _a800/RAV | ||
| 100 |
_aचौधुरी , इन्द्र नाथ्ा _969303 |
||
| 245 | _aरवींद्रनाथ टैगाेर रचनावली गीत (भाग -1) | ||
| 260 |
_aइलाहाबाद _bसस्ता साहित्य मण्डल प्रकाश्ान _c2014 |
||
| 650 |
_aरचनावली _9163 |
||
| 942 |
_2ddc _cHIN |
||
| 999 |
_c57077 _d57077 |
||